| 000 -ლიდერი |
| ფიქსირებული სიგრძის საკონტროლო ველი |
01441nam a2200265Ia 4500 |
| 001 - საკონტროლო ნომერი |
| საკონტროლო ველი |
2506 |
| 003 - საკონტროლო ნომრის იდენტიფიკატორი |
| საკონტროლო ველი |
GE_BSU |
| 005 - ბოლო ოპერაციის თარიღი და დრო |
| საკონტროლო ველი |
20250513134928.0 |
| 008 - ფიქსირებული სიგრძის მონაცემთა ელემენტები - ზოგადი ინფორმაცია |
| ფიქსირებული სიგრძის საკონტროლო ველი |
181216s2009||||ge |||||||||||||| ||geo|| |
| 040 ## - კატალოგიზაციის წყარო |
| Transcribing agency |
GE_BSU |
| 041 ## - ენის კოდი |
| Language code of text/sound track or separate title |
geo |
| 080 ## - უნივერსალური ათობითი კლასიფიკაციის ინდექსი |
| Universal Decimal Classification number |
811.353.1 ფ–29 |
| 100 ## - მთავარი ჩანაწერი - პიროვნების სახელი |
| Personal name |
ფარტენაძე, ნათია |
| 9 (RLIN) |
3258 |
| 245 ## - ცნობა სათაურის შესახებ |
| Title |
ზმნისწინი საშუალ ქართულში : |
| Remainder of title |
[მონოგრაფია] / |
| Statement of responsibility, etc |
ნათია ფარტენაძე :[რედ. ელენე ბაბუნაშვილი] ; შოთა რუსთაველის სახელმწ. უნ-ტი. |
| 264 ## - წარმოების, გამოცემის, დისტრიბუციის და სხვა ცნობები |
| გამოცემის, წარმოების, დისტრიბუციის... ადგილი |
ბათუმი : |
| გამოცემის, წარმოების, დისტრიბუციის... სახელწოდება |
შოთა რუსთაველის სახელმწ. უნ-ტის გამ-ბა და სტ., |
| გამოცემის, წარმოების, დისტრიბუციის... თარიღი |
2009. |
| 300 ## - ფიზიკური აღწერა |
| Extent |
124 გვ. |
| Dimensions |
20 სმ. |
| 500 ## - ზოგადი შენიშვნა |
| General note |
შემოკლებათა განმარტება : გვ. 117-118 |
| 504 ## - BIBLIOGRAPHY, ETC. NOTE |
| Bibliography, etc |
ბიბლიოგრ. : გვ. 118-122 |
| 520 ## - SUMMARY, ETC. |
| Summary, etc |
რეზიუმე რუსულ ენაზე |
| 653 ## - INDEX TERM--UNCONTROLLED |
| Uncontrolled term |
ზმნისწინი საშუალ ქართულში |
| 700 ## - ADDED ENTRY--PERSONAL NAME |
| Personal name |
ბაბუნაშვილი, ელენე |
| Relator term |
რედაქტორი |
| 9 (RLIN) |
5723 |
| 710 ## - ADDED ENTRY--CORPORATE NAME |
| Corporate name or jurisdiction name as entry element |
შოთა რუსთაველის სახელმწიფო უნივერსიტეტი |
| 9 (RLIN) |
25032 |
| 942 ## - ADDED ENTRY ELEMENTS (KOHA) |
| Koha item type |
წიგნი |
| Source of classification or shelving scheme |
|